[Event "2023 National K-12 Grade Championships"]
[Site "Orlando, Florida, United States"]
[Date "2023.12.15"]
[Round "1.13"]
[White "Zhao, Erick"]
[Black "Ganesan, Pranav"]
[Result "1-0"]
[TimeControl "G/90;d10"]
[WhiteElo "2441"]
[BlackElo "1369"]

1. e4 {[%clk 01:29:47]} {[%emt 00:00:22]} e5 {[%clk 01:29:39]} {[%emt
00:00:31]} 2. Nf3 {[%clk 01:29:47]} {[%emt 00:00:06]} Nc6 {[%clk 01:28:56]}
{[%emt 00:00:54]} 3. Bb5 {[%clk 01:29:47]} {[%emt 00:00:07]} a6 {[%clk
01:27:41]} {[%emt 00:01:25]} 4. Ba4 {[%clk 01:29:47]} {[%emt 00:00:02]} b5
{[%clk 01:25:11]} {[%emt 00:02:40]} 5. Bb3 {[%clk 01:29:47]} {[%emt 00:00:09]}
Nf6 {[%clk 01:23:36]} {[%emt 00:01:45]} 6. O-O {[%clk 01:29:32]} {[%emt
00:00:23]} Nxe4 {[%clk 01:17:54]} {[%emt 00:05:54]} 7. Re1 {[%clk 01:27:14]}
{[%emt 00:02:28]} Nd6 {[%clk 01:16:01]} {[%emt 00:02:03]} 8. Nxe5 {[%clk
01:19:45]} {[%emt 00:07:39]} Be7 {[%clk 01:14:36]} {[%emt 00:01:35]} 9. d4
{[%clk 01:14:17]} {[%emt 00:05:38]} O-O {[%clk 01:08:56]} {[%emt 00:05:49]} 10.
Nxc6 {[%clk 01:13:09]} {[%emt 00:01:20]} dxc6 {[%clk 01:06:35]} {[%emt
00:02:29]} 11. c3 {[%clk 01:12:38]} {[%emt 00:00:42]} Bf5 {[%clk 00:59:10]}
{[%emt 00:07:33]} 12. Bf4 {[%clk 01:11:03]} {[%emt 00:01:46]} Qd7 {[%clk
00:52:38]} {[%emt 00:06:42]} 13. Nd2 {[%clk 01:10:25]} {[%emt 00:00:48]} Rfe8
{[%clk 00:46:47]} {[%emt 00:06:01]} 14. Nf3 {[%clk 01:09:09]} {[%emt 00:01:27]}
Bg4 {[%clk 00:42:29]} {[%emt 00:04:27]} 15. h3 {[%clk 01:07:24]} {[%emt
00:01:56]} Bh5 {[%clk 00:40:46]} {[%emt 00:01:53]} 16. g4 {[%clk 01:05:53]}
{[%emt 00:01:42]} Bg6 {[%clk 00:31:27]} {[%emt 00:09:29]} 17. Ne5 {[%clk
01:05:29]} {[%emt 00:00:33]} Qd8 {[%clk 00:28:13]} {[%emt 00:03:22]} 18. Nxc6
{[%clk 01:04:38]} {[%emt 00:01:03]} Qd7 {[%clk 00:27:06]} {[%emt 00:01:17]} 19.
Ne5 {[%clk 01:04:38]} {[%emt 00:00:04]} Qd8 {[%clk 00:26:28]} {[%emt 00:00:47]}
20. Qf3 {[%clk 01:04:32]} {[%emt 00:00:16]} Bg5 {[%clk 00:18:01]} {[%emt
00:08:36]} 21. Nxg6 {[%clk 01:04:12]} {[%emt 00:00:31]} Bxf4 {[%clk 00:14:13]}
{[%emt 00:03:59]} 22. Nxf4 {[%clk 01:03:51]} {[%emt 00:00:30]} Qf6 {[%clk
00:12:41]} {[%emt 00:01:42]} 23. Kg2 {[%clk 01:03:48]} {[%emt 00:00:12]} Rad8
{[%clk 00:10:01]} {[%emt 00:02:47]} 24. Nd5 {[%clk 01:03:48]} {[%emt 00:00:12]}
Qxf3+ {[%clk 00:08:37]} {[%emt 00:01:34]} 25. Kxf3 {[%clk 01:03:48]} {[%emt
00:00:02]} Rd7 {[%clk 00:08:26]} {[%emt 00:00:20]} 26. Rxe8+ {[%clk 01:03:42]}
{[%emt 00:00:17]} Nxe8 {[%clk 00:08:03]} {[%emt 00:00:34]} 27. a4 {[%clk
01:03:42]} {[%emt 00:00:05]} c6 {[%clk 00:06:15]} {[%emt 00:01:58]} 28. Nb4
{[%clk 01:03:12]} {[%emt 00:00:40]} Rd6 {[%clk 00:03:57]} {[%emt 00:02:29]} 29.
axb5 {[%clk 01:03:08]} {[%emt 00:00:14]} axb5 {[%clk 00:03:25]} {[%emt
00:00:42]} 30. Ra6 {[%clk 01:03:08]} {[%emt 00:00:02]} g6 {[%clk 00:02:09]}
{[%emt 00:01:26]} 31. Rxc6 {[%clk 01:03:08]} {[%emt 00:00:02]} Rxc6 {[%clk
00:02:07]} {[%emt 00:00:13]} 32. Nxc6 {[%clk 01:03:08]} {[%emt 00:00:06]} Nd6
{[%clk 00:02:07]} {[%emt 00:00:07]} 33. Bc2 {[%clk 01:03:02]} {[%emt 00:00:15]}
Kg7 {[%clk 00:01:57]} {[%emt 00:00:20]} 34. Bd3 {[%clk 01:03:02]} {[%emt
00:00:03]} Kf6 {[%clk 00:01:43]} {[%emt 00:00:24]} 35. Na7 {[%clk 01:03:02]}
{[%emt 00:00:01]} Ke6 {[%clk 00:01:20]} {[%emt 00:00:33]} 36. Nxb5 {[%clk
01:03:02]} {[%emt 00:00:03]} Nxb5 {[%clk 00:01:15]} {[%emt 00:00:15]} 37. Bxb5
{[%clk 01:03:02]} {[%emt 00:00:02]} Kd5 {[%clk 00:01:15]} {[%emt 00:00:07]} 38.
Be8 {[%clk 01:03:02]} {[%emt 00:00:06]} f6 {[%clk 00:01:13]} {[%emt 00:00:12]}
39. Bf7+ {[%clk 01:03:02]} {[%emt 00:00:02]} Kc6 {[%clk 00:01:00]} {[%emt
00:00:21]} 40. c4 {[%clk 01:03:02]} {[%emt 00:00:04]} Kd6 {[%clk 00:01:00]}
{[%emt 00:00:10]} 41. b4 {[%clk 01:03:02]} {[%emt 00:00:06]} Kc6 {[%clk
00:01:00]} {[%emt 00:00:09]} 42. d5+ {[%clk 01:03:02]} {[%emt 00:00:04]} Kb6
{[%clk 00:01:00]} {[%emt 00:00:04]} 43. c5+ {[%clk 01:03:02]} {[%emt 00:00:05]}
Kc7 {[%clk 00:01:00]} {[%emt 00:00:04]} 44. b5 {[%clk 01:03:02]} {[%emt
00:00:04]} Kc8 {[%clk 00:00:50]} {[%emt 00:00:18]} 45. b6 {[%clk 01:03:02]}
{[%emt 00:00:05]} Kb7 {[%clk 00:00:31]} {[%emt 00:00:28]} 46. Be8 {[%clk
01:03:02]} {[%emt 00:00:04]} g5 {[%clk 00:00:24]} {[%emt 00:00:17]} 47. Bc6+
{[%clk 01:03:02]} {[%emt 00:00:04]} Kc8 {[%clk 00:00:24]} {[%emt 00:00:04]} 48.
d6 {[%clk 01:03:02]} {[%emt 00:00:04]} h6 {[%clk 00:00:24]} {[%emt 00:00:11]}
49. b7+ {[%clk 01:03:02]} {[%emt 00:00:07]} Kb8 {[%clk 00:00:24]} {[%emt
00:00:03]} 50. d7 {[%clk 01:03:02]} {[%emt 00:00:08]} Kc7 {[%clk 00:00:19]}
{[%emt 00:00:14]} 51. b8=Q+ {[%clk 01:03:02]} {[%emt 00:00:06]} Kxc6 {[%clk
00:00:17]} {[%emt 00:00:12]} 52. d8=Q {[%clk 01:03:02]} {[%emt 00:00:06]} Kxc5
{[%clk 00:00:15]} {[%emt 00:00:12]} 53. Qdd6+ {[%clk 01:03:02]} {[%emt
00:00:05]} Kc4 {[%clk 00:00:14]} {[%emt 00:00:12]} 54. Qbb4# {[%clk 01:03:02]}
{[%emt 00:00:02]} 1-0

[Event "2023 National K-12 Grade Championships"]
[Site "Orlando, Florida, United States"]
[Date "2023.12.15"]
[Round "1.14"]
[White "Gordon, Lamine A"]
[Black "Reiss, Aiden"]
[Result "0-1"]
[TimeControl "G/90;d10"]
[WhiteElo "1348"]
[BlackElo "2260"]

1. d4 {[%clk 01:30:00]} {[%emt 00:00:02]} Nf6 {[%clk 01:30:00]} {[%emt
00:00:02]} 2. Bg5 {[%clk 01:30:00]} {[%emt 00:00:08]} c5 {[%clk 01:29:47]}
{[%emt 00:00:24]} 3. Bxf6 {[%clk 01:29:12]} {[%emt 00:00:58]} gxf6 {[%clk
01:29:47]} {[%emt 00:00:04]} 4. e3 {[%clk 01:28:54]} {[%emt 00:00:28]} f5
{[%clk 01:29:07]} {[%emt 00:00:50]} 5. c3 {[%clk 01:28:33]} {[%emt 00:00:31]}
Qc7 {[%clk 01:27:39]} {[%emt 00:01:38]} 6. Ne2 {[%clk 01:27:06]} {[%emt
00:01:37]} d6 {[%clk 01:14:50]} {[%emt 00:12:59]} 7. g3 {[%clk 01:26:06]}
{[%emt 00:01:09]} b6 {[%clk 01:13:06]} {[%emt 00:01:55]} 8. Bg2 {[%clk
01:22:23]} {[%emt 00:03:53]} Bb7 {[%clk 01:12:33]} {[%emt 00:00:43]} 9. d5
{[%clk 01:18:24]} {[%emt 00:04:08]} e5 {[%clk 01:05:32]} {[%emt 00:07:11]} 10.
c4 {[%clk 01:17:23]} {[%emt 00:01:12]} a6 {[%clk 01:00:25]} {[%emt 00:05:17]}
11. Nbc3 {[%clk 01:14:25]} {[%emt 00:03:08]} Bc8 {[%clk 01:00:22]} {[%emt
00:00:13]} 12. O-O {[%clk 01:12:35]} {[%emt 00:01:59]} Nd7 {[%clk 00:59:59]}
{[%emt 00:00:34]} 13. f4 {[%clk 01:04:33]} {[%emt 00:08:13]} e4 {[%clk
00:52:59]} {[%emt 00:07:09]} 14. Qa4 {[%clk 00:56:20]} {[%emt 00:08:23]} Qd8
{[%clk 00:44:59]} {[%emt 00:08:10]} 15. Bh3 {[%clk 00:55:09]} {[%emt 00:01:20]}
Qf6 {[%clk 00:44:04]} {[%emt 00:01:06]} 16. Rab1 {[%clk 00:52:58]} {[%emt
00:02:22]} h5 {[%clk 00:43:25]} {[%emt 00:00:49]} 17. Qc6 {[%clk 00:51:28]}
{[%emt 00:01:40]} Rb8 {[%clk 00:42:42]} {[%emt 00:00:53]} 18. b4 {[%clk
00:50:45]} {[%emt 00:00:54]} h4 {[%clk 00:40:54]} {[%emt 00:01:58]} 19. Kg2
{[%clk 00:48:43]} {[%emt 00:02:11]} Qg6 {[%clk 00:35:11]} {[%emt 00:05:52]} 20.
Qc7 {[%clk 00:42:16]} {[%emt 00:06:37]} Qh5 {[%clk 00:28:37]} {[%emt 00:06:44]}
21. Rf2 {[%clk 00:38:52]} {[%emt 00:03:34]} hxg3 {[%clk 00:27:50]} {[%emt
00:00:57]} 22. Nxg3 {[%clk 00:35:26]} {[%emt 00:03:37]} Qxh3+ {[%clk 00:27:50]}
{[%emt 00:00:02]} 23. Kg1 {[%clk 00:35:26]} {[%emt 00:00:02]} Be7 {[%clk
00:23:38]} {[%emt 00:04:22]} 24. bxc5 {[%clk 00:34:03]} {[%emt 00:01:34]} dxc5
{[%clk 00:23:25]} {[%emt 00:00:23]} 25. d6 {[%clk 00:33:02]} {[%emt 00:01:11]}
Bd8 {[%clk 00:23:12]} {[%emt 00:00:22]} 26. Qc6 {[%clk 00:32:18]} {[%emt
00:00:55]} Bb7 {[%clk 00:22:36]} {[%emt 00:00:45]} 27. Qa4 {[%clk 00:32:10]}
{[%emt 00:00:18]} Rc8 {[%clk 00:22:20]} {[%emt 00:00:26]} 28. Qb3 {[%clk
00:29:26]} {[%emt 00:02:54]} Nf6 {[%clk 00:21:48]} {[%emt 00:00:43]} 29. Rd1
{[%clk 00:28:29]} {[%emt 00:01:06]} Kf8 {[%clk 00:20:14]} {[%emt 00:01:44]} 30.
d7 {[%clk 00:25:51]} {[%emt 00:02:49]} Rc6 {[%clk 00:19:21]} {[%emt 00:00:57]}
31. a4 {[%clk 00:24:50]} {[%emt 00:01:17]} Ng4 {[%clk 00:19:21]} {[%emt
00:00:03]} 32. Re2 {[%clk 00:22:50]} {[%emt 00:02:09]} Nxh2 {[%clk 00:19:13]}
{[%emt 00:00:20]} 33. Rg2 {[%clk 00:22:34]} {[%emt 00:00:25]} Rg6 {[%clk
00:18:53]} {[%emt 00:00:30]} 0-1

[Event "2023 National K-12 Grade Championships"]
[Site "Orlando, Florida, United States"]
[Date "2023.12.15"]
[Round "1.15"]
[White "Berdugo, Marco J"]
[Black "Liu, Eric Chang"]
[Result "0-1"]
[TimeControl "G/90;d10"]
[WhiteElo "1087"]
[BlackElo "2377"]

1. e4 {[%clk 01:30:00]} {[%emt 00:00:05]} c5 {[%clk 01:30:00]} {[%emt
00:00:05]} 2. Nf3 {[%clk 01:29:59]} {[%emt 00:00:12]} d6 {[%clk 01:30:00]}
{[%emt 00:00:04]} 3. Nc3 {[%clk 01:29:51]} {[%emt 00:00:19]} a6 {[%clk
01:29:41]} {[%emt 00:00:30]} 4. Be2 {[%clk 01:29:15]} {[%emt 00:00:45]} Nf6
{[%clk 01:29:23]} {[%emt 00:00:28]} 5. d3 {[%clk 01:28:49]} {[%emt 00:00:37]}
Nc6 {[%clk 01:29:00]} {[%emt 00:00:32]} 6. Bg5 {[%clk 01:26:11]} {[%emt
00:02:48]} e6 {[%clk 01:28:39]} {[%emt 00:00:32]} 7. Qd2 {[%clk 01:23:53]}
{[%emt 00:02:28]} Be7 {[%clk 01:28:35]} {[%emt 00:00:13]} 8. O-O {[%clk
01:23:39]} {[%emt 00:00:23]} O-O {[%clk 01:27:56]} {[%emt 00:00:50]} 9. Rfe1
{[%clk 01:23:10]} {[%emt 00:00:39]} b5 {[%clk 01:24:12]} {[%emt 00:03:53]} 10.
Rad1 {[%clk 01:21:21]} {[%emt 00:01:59]} e5 {[%clk 01:21:44]} {[%emt 00:02:39]}
11. Be3 {[%clk 01:19:38]} {[%emt 00:01:53]} h6 {[%clk 01:20:04]} {[%emt
00:01:49]} 12. h3 {[%clk 01:18:54]} {[%emt 00:00:54]} Be6 {[%clk 01:20:04]}
{[%emt 00:00:05]} 13. b3 {[%clk 01:17:34]} {[%emt 00:01:31]} b4 {[%clk
01:14:57]} {[%emt 00:05:17]} 14. Na4 {[%clk 01:16:36]} {[%emt 00:01:08]} Nd7
{[%clk 01:14:56]} {[%emt 00:00:10]} 15. c4 {[%clk 01:13:59]} {[%emt 00:02:47]}
Qe8 {[%clk 01:13:27]} {[%emt 00:01:40]} 16. Nh2 {[%clk 01:12:27]} {[%emt
00:01:42]} f5 {[%clk 01:12:11]} {[%emt 00:01:26]} 17. exf5 {[%clk 01:11:13]}
{[%emt 00:01:23]} Bxf5 {[%clk 01:12:11]} {[%emt 00:00:07]} 18. Bg4 {[%clk
01:10:11]} {[%emt 00:01:12]} Qg6 {[%clk 01:09:27]} {[%emt 00:02:54]} 19. Bxf5
{[%clk 01:07:55]} {[%emt 00:02:25]} Rxf5 {[%clk 01:09:27]} {[%emt 00:00:05]} 20.
Qe2 {[%clk 01:06:18]} {[%emt 00:01:47]} h5 {[%clk 01:06:06]} {[%emt 00:03:31]}
21. Nf3 {[%clk 01:04:50]} {[%emt 00:01:38]} Raf8 {[%clk 01:04:00]} {[%emt
00:02:16]} 22. Kh2 {[%clk 01:03:39]} {[%emt 00:01:21]} R8f7 {[%clk 00:52:30]}
{[%emt 00:11:41]} 23. Rg1 {[%clk 01:02:09]} {[%emt 00:01:39]} Bd8 {[%clk
00:42:58]} {[%emt 00:09:43]} 24. Rdf1 {[%clk 01:00:56]} {[%emt 00:01:22]} Nf8
{[%clk 00:42:53]} {[%emt 00:00:16]} 25. Nb2 {[%clk 00:59:36]} {[%emt 00:01:29]}
Ne6 {[%clk 00:42:53]} {[%emt 00:00:05]} 26. Nd1 {[%clk 00:58:30]} {[%emt
00:01:16]} Rxf3 {[%clk 00:41:41]} {[%emt 00:01:23]} 27. gxf3 {[%clk 00:57:07]}
{[%emt 00:01:32]} Qf5 {[%clk 00:41:41]} {[%emt 00:00:03]} 28. f4 {[%clk
00:48:46]} {[%emt 00:08:31]} exf4 {[%clk 00:41:12]} {[%emt 00:00:39]} 29. Bd2
{[%clk 00:47:23]} {[%emt 00:01:33]} Ncd4 {[%clk 00:41:12]} {[%emt 00:00:09]} 30.
Qe4 {[%clk 00:45:13]} {[%emt 00:02:19]} Qxe4 {[%clk 00:41:12]} {[%emt
00:00:05]} 31. dxe4 {[%clk 00:45:10]} {[%emt 00:00:09]} Nf3+ {[%clk 00:41:12]}
{[%emt 00:00:05]} 32. Kg2 {[%clk 00:44:28]} {[%emt 00:00:51]} Nxd2 {[%clk
00:41:12]} {[%emt 00:00:04]} 33. Re1 {[%clk 00:43:53]} {[%emt 00:00:45]} Nd4
{[%clk 00:41:12]} {[%emt 00:00:04]} 34. Rh1 {[%clk 00:41:35]} {[%emt 00:01:41]}
Rf6 {[%clk 00:41:06]} {[%emt 00:01:03]} 35. h4 {[%clk 00:40:32]} {[%emt
00:01:13]} Rg6+ {[%clk 00:41:01]} {[%emt 00:00:15]} 36. Kh3 {[%clk 00:40:18]}
{[%emt 00:00:25]} Rg4 {[%clk 00:41:01]} {[%emt 00:00:05]} 37. Reg1 {[%clk
00:39:37]} {[%emt 00:00:50]} Rxh4+ {[%clk 00:41:01]} {[%emt 00:00:06]} 38. Kg2
{[%clk 00:39:37]} {[%emt 00:00:07]} f3+ {[%clk 00:41:01]} {[%emt 00:00:03]} 0-1

[Event "2023 National K-12 Grade Championships"]
[Site "Orlando, Florida, United States"]
[Date "2023.12.15"]
[Round "1.16"]
[White "Chakrabarti, Brejesh"]
[Black "Nadkarni, Neehal"]
[Result "1-0"]
[TimeControl "G/90;d10"]
[WhiteElo "2328"]
[BlackElo "1067"]

1. e4 {[%clk 01:29:56]} {[%emt 00:00:09]} e5 {[%clk 01:30:00]} {[%emt
00:00:07]} 2. Nf3 {[%clk 01:29:56]} {[%emt 00:00:05]} Nc6 {[%clk 01:30:00]}
{[%emt 00:00:08]} 3. Bc4 {[%clk 01:29:56]} {[%emt 00:00:05]} Nf6 {[%emt
00:00:22]} 4. d3 Bc5 {[%clk 01:29:07]} {[%emt 00:00:51]} 5. O-O {[%clk
01:29:56]} {[%emt 00:00:04]} d6 {[%clk 01:28:59]} {[%emt 00:00:18]} 6. c3
{[%clk 01:29:56]} {[%emt 00:00:08]} Bb6 {[%clk 01:27:57]} {[%emt 00:01:12]} 7.
h3 {[%clk 01:29:42]} {[%emt 00:00:23]} Bd7 {[%clk 01:27:15]} {[%emt 00:00:54]}
8. b4 {[%clk 01:28:03]} {[%emt 00:01:50]} O-O {[%clk 01:25:05]} {[%emt
00:02:17]} 9. Re1 {[%clk 01:26:31]} {[%emt 00:01:43]} h6 {[%clk 01:22:45]}
{[%emt 00:02:31]} 10. Nbd2 {[%clk 01:24:20]} {[%emt 00:02:20]} Qc8 {[%clk
01:20:43]} {[%emt 00:02:14]} 11. Nf1 {[%clk 01:22:35]} {[%emt 00:01:53]} a6
{[%clk 01:19:16]} {[%emt 00:01:38]} 12. Be3 {[%clk 01:22:34]} {[%emt 00:00:11]}
Bxe3 {[%clk 01:14:28]} {[%emt 00:04:57]} 13. fxe3 {[%clk 01:20:51]} {[%emt
00:01:54]} Rd8 {[%clk 01:14:20]} {[%emt 00:00:18]} 14. Qe2 {[%clk 01:18:37]}
{[%emt 00:02:24]} Be6 {[%clk 01:10:56]} {[%emt 00:03:34]} 15. Bxe6 {[%clk
01:15:41]} {[%emt 00:03:06]} Qxe6 {[%clk 01:10:22]} {[%emt 00:00:38]} 16. Rac1
{[%clk 01:12:54]} {[%emt 00:03:02]} b5 {[%clk 01:06:10]} {[%emt 00:04:23]} 17.
Ng3 {[%clk 01:11:24]} {[%emt 00:01:39]} d5 {[%clk 00:57:52]} {[%emt 00:08:29]}
18. exd5 {[%clk 01:10:04]} {[%emt 00:01:31]} Qxd5 {[%clk 00:54:57]} {[%emt
00:03:02]} 19. Red1 {[%clk 01:09:14]} {[%emt 00:01:01]} a5 {[%clk 00:50:48]}
{[%emt 00:04:20]} 20. c4 {[%clk 01:08:22]} {[%emt 00:01:02]} bxc4 {[%clk
00:50:00]} {[%emt 00:00:56]} 21. dxc4 {[%clk 01:07:14]} {[%emt 00:01:20]} Qe6
{[%clk 00:49:42]} {[%emt 00:00:28]} 22. b5 {[%clk 01:06:42]} {[%emt 00:00:43]}
Ne7 {[%clk 00:43:06]} {[%emt 00:06:45]} 23. Qc2 {[%clk 00:56:59]} {[%emt
00:09:52]} g6 {[%clk 00:39:00]} {[%emt 00:04:17]} 24. e4 {[%clk 00:55:57]}
{[%emt 00:01:11]} Qb6+ {[%clk 00:33:17]} {[%emt 00:05:55]} 25. Qf2 {[%clk
00:53:36]} {[%emt 00:02:29]} Qxf2+ {[%clk 00:31:51]} {[%emt 00:01:36]} 26. Kxf2
{[%clk 00:53:14]} {[%emt 00:00:33]} h5 {[%clk 00:30:57]} {[%emt 00:01:04]} 27.
Ke3 {[%clk 00:52:19]} {[%emt 00:01:04]} Nd7 {[%clk 00:28:42]} {[%emt 00:02:26]}
28. c5 {[%clk 00:51:05]} {[%emt 00:01:25]} c6 {[%clk 00:27:29]} {[%emt
00:01:23]} 29. Rd6 {[%clk 00:46:05]} {[%emt 00:05:09]} cxb5 {[%clk 00:26:04]}
{[%emt 00:01:36]} 30. Rcd1 {[%clk 00:46:03]} {[%emt 00:00:12]} Ra7 {[%clk
00:24:06]} {[%emt 00:02:08]} 31. c6 {[%clk 00:46:03]} {[%emt 00:00:10]} 1-0

[Event "2023 National K-12 Grade Championships"]
[Site "Orlando, Florida, United States"]
[Date "2023.12.15"]
[Round "1.17"]
[White "Jiang, Andrew"]
[Black "Yemini, Liev"]
[Result "1-0"]
[TimeControl "G/90;d10"]
[WhiteElo "2314"]
[BlackElo "1033"]

1. e4 {[%clk 01:30:00]} {[%emt 00:00:01]} c6 {[%clk 01:30:00]} {[%emt
00:00:10]} 2. Nf3 {[%clk 01:29:56]} {[%emt 00:00:14]} d5 {[%clk 01:29:55]}
{[%emt 00:00:15]} 3. d3 {[%clk 01:29:56]} {[%emt 00:00:09]} dxe4 {[%clk
01:27:18]} {[%emt 00:02:48]} 4. dxe4 {[%clk 01:29:56]} {[%emt 00:00:07]} Qxd1+
{[%clk 01:27:09]} {[%emt 00:00:20]} 5. Kxd1 {[%clk 01:29:56]} {[%emt 00:00:07]}
Bg4 {[%clk 01:26:51]} {[%emt 00:00:29]} 6. Be2 {[%clk 01:29:56]} {[%emt
00:00:09]} Nd7 {[%clk 01:26:16]} {[%emt 00:00:45]} 7. Nfd2 {[%clk 01:29:56]}
{[%emt 00:00:08]} Bxe2+ {[%clk 01:25:59]} {[%emt 00:00:30]} 8. Kxe2 {[%clk
01:29:56]} {[%emt 00:00:07]} Ngf6 {[%clk 01:24:22]} {[%emt 00:01:47]} 9. f3
{[%clk 01:28:39]} {[%emt 00:01:28]} e6 {[%clk 01:23:49]} {[%emt 00:00:43]} 10.
Nc4 {[%clk 01:27:06]} {[%emt 00:01:42]} b5 {[%clk 01:21:25]} {[%emt 00:02:35]}
11. Na5 {[%clk 01:26:31]} {[%emt 00:00:44]} Bc5 {[%clk 01:20:18]} {[%emt
00:01:04]} 12. a4 {[%clk 01:25:55]} {[%emt 00:01:00]} Rc8 {[%clk 01:19:09]}
{[%emt 00:01:15]} 13. Rd1 {[%clk 01:21:55]} {[%emt 00:04:13]} O-O {[%clk
01:17:11]} {[%emt 00:02:09]} 14. g4 {[%clk 01:18:59]} {[%emt 00:03:04]} Ne5
{[%clk 01:12:21]} {[%emt 00:05:01]} 15. Nb3 {[%clk 01:06:34]} {[%emt 00:12:36]}
Bb6 {[%clk 01:11:16]} {[%emt 00:01:14]} 16. c3 {[%clk 01:02:29]} {[%emt
00:04:16]} Rfd8 {[%clk 01:08:35]} {[%emt 00:02:51]} 17. Rxd8+ {[%clk 01:01:52]}
{[%emt 00:00:47]} Rxd8 {[%clk 01:07:48]} {[%emt 00:00:57]} 18. axb5 {[%clk
00:59:38]} {[%emt 00:02:24]} cxb5 {[%clk 01:07:01]} {[%emt 00:00:57]} 19. Na3
{[%clk 00:59:33]} {[%emt 00:00:15]} a6 {[%clk 01:05:42]} {[%emt 00:01:29]} 20.
Nc2 {[%clk 00:58:07]} {[%emt 00:01:35]} Ra8 {[%clk 00:59:34]} {[%emt 00:06:20]}
21. Nbd4 {[%clk 00:57:46]} {[%emt 00:00:31]} Ra7 {[%clk 00:56:50]} {[%emt
00:02:54]} 22. Nb4 {[%clk 00:57:36]} {[%emt 00:00:19]} Nfd7 {[%clk 00:48:32]}
{[%emt 00:08:28]} 23. Rxa6 {[%clk 00:56:01]} {[%emt 00:01:46]} Rxa6 {[%clk
00:48:06]} {[%emt 00:00:36]} 24. Nxa6 {[%clk 00:56:01]} {[%emt 00:00:08]} Bxd4
{[%clk 00:46:04]} {[%emt 00:02:12]} 25. cxd4 {[%clk 00:55:56]} {[%emt
00:00:16]} Nc6 {[%clk 00:44:50]} {[%emt 00:01:24]} 26. Be3 {[%clk 00:54:57]}
{[%emt 00:01:09]} Ndb8 {[%clk 00:33:59]} {[%emt 00:11:00]} 27. Nc7 {[%clk
00:52:48]} {[%emt 00:02:16]} b4 {[%clk 00:33:51]} {[%emt 00:00:22]} 28. f4
{[%clk 00:52:06]} {[%emt 00:00:51]} b3 {[%clk 00:32:59]} {[%emt 00:01:02]} 29.
Kd3 {[%clk 00:50:57]} {[%emt 00:01:19]} Nb4+ {[%clk 00:31:40]} {[%emt
00:01:30]} 30. Kc3 {[%clk 00:50:48]} {[%emt 00:00:17]} Nc2 {[%clk 00:31:37]}
{[%emt 00:00:15]} 31. Bf2 {[%clk 00:50:48]} {[%emt 00:00:09]} Na1 {[%clk
00:31:25]} {[%emt 00:00:24]} 32. f5 {[%clk 00:49:53]} {[%emt 00:01:04]} exf5
{[%clk 00:30:50]} {[%emt 00:00:45]} 33. gxf5 {[%clk 00:49:53]} {[%emt
00:00:07]} g6 {[%clk 00:30:14]} {[%emt 00:00:46]} 34. f6 {[%clk 00:48:18]}
{[%emt 00:01:46]} Nd7 {[%clk 00:29:40]} {[%emt 00:00:44]} 35. e5 {[%clk
00:48:18]} {[%emt 00:00:09]} h5 {[%clk 00:28:34]} {[%emt 00:01:16]} 36. Na6
{[%clk 00:42:33]} {[%emt 00:05:54]} Kf8 {[%clk 00:27:26]} {[%emt 00:01:19]} 37.
Nc5 {[%clk 00:42:23]} {[%emt 00:00:19]} Nb6 {[%clk 00:26:40]} {[%emt 00:00:57]}
38. Nxb3 {[%clk 00:41:55]} {[%emt 00:00:37]} Na4+ {[%clk 00:25:54]} {[%emt
00:00:56]} 39. Kb4 {[%clk 00:41:13]} {[%emt 00:00:51]} Nxb2 {[%clk 00:24:42]}
{[%emt 00:01:23]} 40. Nc5 {[%clk 00:37:28]} {[%emt 00:03:54]} Nd1 {[%clk
00:23:34]} {[%emt 00:01:19]} 41. Bg1 {[%clk 00:35:07]} {[%emt 00:02:31]} Nc2+
{[%clk 00:20:18]} {[%emt 00:03:26]} 42. Kc4 {[%clk 00:35:05]} {[%emt 00:00:11]}
Nce3+ {[%clk 00:19:17]} {[%emt 00:01:12]} 43. Kd3 {[%clk 00:34:26]} {[%emt
00:00:48]} Nd5 {[%clk 00:19:09]} {[%emt 00:00:19]} 44. Na4 {[%clk 00:32:58]}
{[%emt 00:01:37]} Ke8 {[%clk 00:15:10]} {[%emt 00:04:10]} 45. Kd2 {[%clk
00:32:38]} {[%emt 00:00:29]} Kd7 {[%clk 00:13:56]} {[%emt 00:01:25]} 46. Nc5+
{[%clk 00:32:30]} {[%emt 00:00:18]} Kc6 {[%clk 00:13:34]} {[%emt 00:00:31]} 47.
Kxd1 {[%clk 00:32:28]} {[%emt 00:00:12]} Nc7 {[%clk 00:12:18]} {[%emt
00:01:26]} 48. e6 {[%clk 00:32:27]} {[%emt 00:00:11]} Nxe6 {[%clk 00:08:25]}
{[%emt 00:04:04]} 49. Nxe6 {[%clk 00:32:19]} {[%emt 00:00:18]} fxe6 {[%clk
00:08:25]} {[%emt 00:00:03]} 50. f7 {[%clk 00:32:19]} Kd7 {[%emt 00:01:47]} 1-0